| 000 | 00724nam a2200205Ia 4500 | ||
|---|---|---|---|
| 999 |
_c65221 _d65221 |
||
| 005 | 20240530110813.0 | ||
| 008 | 140319s2008 au a f b 000 0 ara d | ||
| 017 | _bمصر. دار الكتب | ||
| 040 |
_aGCL / _cGCL |
||
| 082 | 0 | 4 |
_221 _a730.92 / _bإ ص |
| 100 | 0 | _aايهاب اللبان | |
| 245 | 1 | 0 |
_aصالون مصر : _cالدورة الثانية / _bاعداد ايهاب اللبان |
| 250 | _aط.1 | ||
| 260 |
_aالقاهرة : _bوزارة الثقافة : قطاع الفنون التشكيلية _c2008 . |
||
| 300 |
_a346 ص. : _bايض. ؛ _c28 سم. |
||
| 650 | 0 | 7 |
_aالفنون التشكيلية _2qrmak |
| 651 | _2qrmak | ||
| 942 |
_2ddc _cBK |
||